000 00293nam a2200145Ia 4500
100 _aPalumbo G/ Pennisi/S
942 _cBK
366 _f20
245 _aFeedback Amplifiers
260 _bSpringer
_c2002
082 _a621.381 535
_bPAL
300 _a262
546 _aENGLISH
999 _c30384
_d30384